[Event "Oberliga Bayern 0809"]
[Site "Bayern"]
[Date "2008.12.14"]
[Round "4.7"]
[White "Lindenberg, Georg"]
[Black "Boca, Harald"]
[Result "0-1"]
[WhiteElo "2086"]
[BlackElo "2080"]
[PlyCount "125"]
[EventDate "2008.10.05"]
[EventType "team-tourn"]
[EventRounds "9"]
[EventCountry "GER"]
[SourceTitle "EXT 2020"]
[Source "ChessBase"]
[SourceDate "2019.10.17"]
[SourceVersion "1"]
[SourceVersionDate "2019.10.17"]
[SourceQuality "1"]
[WhiteTeam "Pang/Rosenheim"]
[BlackTeam "Regensburg Fortuna"]
[WhiteTeamCountry "GER"]
[BlackTeamCountry "GER"]

1. e4 c5 2. Nf3 d6 3. Bb5+ Bd7 4. Bxd7+ Qxd7 5. c4 Nc6 6. 0-0 g6 7. d4 cxd4 8. Nxd4 Bg7 9. Be3 Nf6 10. f3 0-0 11. Nc3 Rfc8 12. Nde2 Ne5 13. b3 Qd8 14. Nd5 Nxd5 15. Qxd5 Qc7 16. Rac1 Nc6 17. Rfd1 Nb4 18. Qb5 Nc6 19. Nc3 a6 20. Qa4 e6 21. Qa3 Bf8 22. Qb2 Bg7 23. Qa3 Bf8 24. Qb2 Bg7 25. Qd2 Re8 26. Qxd6 Qa5 27. Na4 Qh5 28. Qc5 Ne5 29. Qb6 g5 30. Qxb7 g4 31. f4 g3 32. fxe5 Qxh2+ 33. Kf1 Bh6 34. Bg1 Qh4 35. Rc3 Rad8 36. Rcd3 Rxd3 37. Rxd3 Qf4+ 38. Ke1 Qc1+ 39. Rd1 Qc2 40. Qd7 Rf8 41. Qd3 Qxg2 42. Bc5 Kh8 43. Rb1 Rg8 44. Nc3 Qh1+ 45. Ke2 Qh2+ 46. Kd1 Qh5+ 47. Ne2 Qh4 48. Kc2 Qh2 49. Be7 Bg7 50. Bf6 Bxf6 51. exf6 h5 52. Rg1 Qf2 53. Kb1 h4 54. e5 Rg4 55. Qd2 Kh7 56. Kc1 g2 57. Qd3+ Kh6 58. Qd2+ Kh5 59. Qd3 Kg5 60. Qd2+ Kf5 61. Qd3+ Kxe5 62. Qc3+ Kf5 63. Re1 0-1

[Event "Oberliga Bayern 0809"]
[Site "Bayern"]
[Date "2008.10.26"]
[Round "2.8"]
[White "Boca, Harald"]
[Black "Braun, Thomas1111"]
[Result "0-1"]
[WhiteElo "2080"]
[BlackElo "2078"]
[PlyCount "56"]
[EventDate "2008.10.05"]
[EventType "team-tourn"]
[EventRounds "9"]
[EventCountry "GER"]
[SourceTitle "EXT 2020"]
[Source "ChessBase"]
[SourceDate "2019.10.17"]
[SourceVersion "1"]
[SourceVersionDate "2019.10.17"]
[SourceQuality "1"]
[WhiteTeam "Regensburg Fortuna"]
[BlackTeam "Bayern Muenchen II"]
[WhiteTeamCountry "GER"]
[BlackTeamCountry "GER"]

1. d4 Nf6 2. Nf3 e6 3. c4 d5 4. Nc3 c5 5. e3 Nc6 6. Be2 Be7 7. 0-0 0-0 8. a3 cxd4 9. exd4 b6 10. Bg5 Bb7 11. Qa4 dxc4 12. Rfd1 Nd5 13. Bxe7 Ncxe7 14. g3 Nxc3 15. bxc3 Qd5 16. Rab1 Bc6 17. Qb4 Rfe8 18. Re1 b5 19. Bd1 a5 20. Qb2 Ng6 21. h4 e5 22. Kf1 exd4 23. Rxe8+ Rxe8 24. cxd4 Qf5 25. Ng5 Qd3+ 26. Be2 Rxe2 27. Qxe2 Qxb1+ 28. Qe1 Bg2+ 0-1

[Event "Landesliga Nord 0607"]
[Site "Bayern"]
[Date "2006.11.19"]
[Round "3.3"]
[White "Boca, Harald"]
[Black "Heinz, Thomas"]
[Result "1-0"]
[WhiteElo "2090"]
[BlackElo "2023"]
[PlyCount "107"]
[EventDate "2006.10.15"]
[EventType "team"]
[EventRounds "9"]
[EventCountry "GER"]
[SourceTitle "EXT 2008"]
[Source "ChessBase"]
[SourceDate "2007.11.25"]
[SourceVersion "1"]
[SourceVersionDate "2007.11.25"]
[SourceQuality "1"]
[WhiteTeam "Regensburg Fortuna II"]
[BlackTeam "Marktleuthen"]
[WhiteTeamCountry "GER"]
[BlackTeamCountry "GER"]

1. d4 d5 2. Nf3 Nf6 3. c4 c6 4. Nc3 a6 5. c5 g6 6. Bf4 Bg7 7. e3 Nbd7 8. Ne5 0-0 9. Be2 Ne4 10. Nxd7 Nxc3 11. bxc3 Qxd7 12. 0-0 f6 13. Rb1 e5 14. Bg3 Qe7 15. c4 Bf5 16. Rb6 Rad8 17. cxd5 cxd5 18. Bf3 Rd7 19. Qb3 Qf7 20. Rd1 Be6 21. dxe5 fxe5 22. Rxe6 Qxe6 23. Bxd5 Rxd5 24. Qxd5 Qxd5 25. Rxd5 e4 26. Kf1 Rc8 27. Ke2 Bf8 28. Bd6 Bxd6 29. cxd6 Kf7 30. Re5 Rd8 31. Re7+ Kf6 32. Rxh7 b5 33. d7 a5 34. Kd2 Ke6 35. Kc3 Kd5 36. Rg7 Ke5 37. a3 Ke6 38. Rxg6+ Kxd7 39. Rb6 Rc8+ 40. Kd2 Rc5 41. h4 Kc7 42. Re6 Rc4 43. h5 b4 44. axb4 axb4 45. h6 b3 46. h7 b2 47. h8Q b1Q 48. Qg7+ Kb8 49. Qe5+ Rc7 50. Re8+ Kb7 51. Qd5+ Rc6 52. Re7+ Kb8 53. Qd8+ Rc8 54. Qd6+ 1-0

[Event "Landesliga Nord 0506"]
[Site "Bayern"]
[Date "2006.01.15"]
[Round "5.7"]
[White "Hanisch, Friedrich"]
[Black "Boca, Harald"]
[Result "1/2-1/2"]
[WhiteElo "2044"]
[BlackElo "2088"]
[PlyCount "31"]
[EventDate "2005.10.23"]
[EventType "team"]
[EventRounds "9"]
[EventCountry "GER"]
[SourceTitle "EXT 2007"]
[Source "ChessBase"]
[SourceDate "2006.11.23"]
[SourceVersion "1"]
[SourceVersionDate "2006.11.23"]
[SourceQuality "1"]

1. d4 Nf6 2. Nf3 d5 3. c4 e6 4. g3 Be7 5. Bg2 0-0 6. 0-0 c5 7. cxd5 exd5 8. Nc3 Nc6 9. e3 Bg4 10. h3 Bh5 11. g4 Bg6 12. Ne5 Be4 13. Nxe4 Nxe4 14. Nxc6 bxc6 15. dxc5 Nxc5 16. Qc2 1/2-1/2

[Event "Landesliga Nord 0506"]
[Site "Bayern"]
[Date "2005.11.13"]
[Round "2.8"]
[White "Labin, Sascha"]
[Black "Boca, Harald"]
[Result "0-1"]
[WhiteElo "1954"]
[BlackElo "2088"]
[PlyCount "60"]
[EventDate "2005.10.23"]
[EventType "team"]
[EventRounds "9"]
[EventCountry "GER"]
[SourceTitle "EXT 2007"]
[Source "ChessBase"]
[SourceDate "2006.11.23"]
[SourceVersion "1"]
[SourceVersionDate "2006.11.23"]
[SourceQuality "1"]

1. b3 d5 2. Bb2 c5 3. Nf3 Nc6 4. e3 Nf6 5. Bb5 Bg4 6. h3 Bxf3 7. Qxf3 e6 8. 0-0 Rc8 9. d3 a6 10. Bxc6+ Rxc6 11. Bxf6 Qxf6 12. Qxf6 gxf6 13. Nd2 f5 14. e4 fxe4 15. dxe4 d4 16. a4 Bg7 17. Rad1 Ke7 18. a5 Bh6 19. Nc4 f6 20. f4 Rg8 21. Rf3 Rd8 22. g4 Bg7 23. Rdf1 Rf8 24. h4 f5 25. gxf5 exf5 26. e5 Rg6+ 27. Kf2 Ke6 28. Rg3 Rxg3 29. Kxg3 Rg8 30. Nd6 Bxe5+ 0-1

[Event "Landesliga Nord 0506"]
[Site "Bayern"]
[Date "2005.10.23"]
[Round "1.8"]
[White "Boca, Harald"]
[Black "Baur, Stephan"]
[Result "1/2-1/2"]
[WhiteElo "2088"]
[BlackElo "1918"]
[PlyCount "120"]
[EventDate "2005.10.23"]
[EventType "team"]
[EventRounds "9"]
[EventCountry "GER"]
[SourceTitle "EXT 2007"]
[Source "ChessBase"]
[SourceDate "2006.11.23"]
[SourceVersion "1"]
[SourceVersionDate "2006.11.23"]
[SourceQuality "1"]

1. d4 Nf6 2. c4 g6 3. Nc3 Bg7 4. e4 d6 5. f3 0-0 6. Be3 e5 7. d5 Nh5 8. Qd2 f5 9. 0-0-0 a6 10. Bd3 Nf4 11. Bc2 b5 12. g3 Nh5 13. c5 b4 14. Na4 fxe4 15. fxe4 Bg4 16. Re1 Nd7 17. Qxb4 Rb8 18. Qd2 Ndf6 19. Nc3 Qc8 20. c6 Kh8 21. Qg2 Qe8 22. h3 Bc8 23. Nf3 Ng8 24. Bb3 Bh6 25. Bxh6 Nxh6 26. Kb1 Qe7 27. Rhg1 a5 28. Bd1 Ba6 29. Qd2 Kg7 30. Ng5 Bc8 31. Bxh5 gxh5 32. Ne6+ Bxe6 33. dxe6 Rf3 34. Nd5 Qxe6 35. Qxa5 Rc8 36. Qa6 Qe8 37. Qe2 Qf7 38. g4 h4 39. Ne3 Rf2 40. Qd3 Rb8 41. Nf5+ Nxf5 42. gxf5+ Kf6 43. Re2 Rxe2 44. Qxe2 Rg8 45. Rxg8 Qxg8 46. b3 Qg3 47. Kb2 Qxh3 48. Qc4 Qg2+ 49. Ka3 Qg7 50. Qe6+ Kg5 51. Qd7 Kf6 52. Qd8+ Qe7 53. Qg8 d5+ 54. b4 dxe4 55. Qg4 Qg7 56. Qxh4+ Kxf5 57. Qf2+ Ke6 58. Qe3 Qg4 59. Qh6+ Qg6 60. Qh3+ Qf5 1/2-1/2

[Event "Landesliga Nord 0405"]
[Site "Bayern"]
[Date "2005.04.10"]
[Round "9.6"]
[White "Michaelis, Martin"]
[Black "Boca, Harald"]
[Result "0-1"]
[WhiteElo "2170"]
[BlackElo "2077"]
[PlyCount "104"]
[EventDate "2004.10.24"]
[EventType "team-tourn"]
[EventRounds "9"]
[EventCountry "GER"]
[SourceTitle "EXT 2008"]
[Source "ChessBase"]
[SourceDate "2007.11.25"]
[SourceVersion "1"]
[SourceVersionDate "2007.11.25"]
[SourceQuality "1"]
[WhiteTeam "Koenigshofen"]
[BlackTeam "Regensburg Fortuna II"]
[WhiteTeamCountry "GER"]
[BlackTeamCountry "GER"]

1. d4 Nf6 2. c4 e6 3. Nf3 d5 4. Nc3 Be7 5. Bg5 0-0 6. e3 Nbd7 7. Rc1 c6 8. Bd3 dxc4 9. Bxc4 b5 10. Bd3 a6 11. 0-0 c5 12. dxc5 Nxc5 13. Bb1 Bb7 14. b4 Nce4 15. Qxd8 Bxd8 16. Nxe4 Nxe4 17. Bxd8 Rfxd8 18. Rc7 Nd6 19. Ne5 Rac8 20. Rfc1 Rxc7 21. Rxc7 Ne4 22. Rd7 Rxd7 23. Nxd7 Nd2 24. Bd3 Bd5 25. a3 Bc4 26. Bc2 Bb3 27. Bxb3 Nxb3 28. Kf1 a5 29. Ke2 axb4 30. axb4 Nc1+ 31. Kd2 Na2 32. e4 Nxb4 33. Kc3 Nc6 34. e5 h5 35. f4 Kh7 36. Nf8+ Kh6 37. g3 g5 38. Kd3 gxf4 39. gxf4 h4 40. h3 Kg7 41. Nd7 Kg6 42. Ke4 b4 43. Nb6 Ne7 44. Kf3 Nd5 45. Nc4 b3 46. Ke4 Nc3+ 47. Kf3 Nd1 48. Nd2 b2 49. Nb1 Kf5 50. Ke2 Kxf4 51. Kxd1 Kxe5 52. Kc2 Kf4 0-1

[Event "Landesliga Nord 0405"]
[Site "Bayern"]
[Date "2005.01.16"]
[Round "5.5"]
[White "Boca, Harald"]
[Black "Bucka, Reinhard"]
[Result "1/2-1/2"]
[WhiteElo "2077"]
[BlackElo "2007"]
[PlyCount "115"]
[EventDate "2004.10.24"]
[EventType "team-tourn"]
[EventRounds "9"]
[EventCountry "GER"]
[SourceTitle "EXT 2008"]
[Source "ChessBase"]
[SourceDate "2007.11.25"]
[SourceVersion "1"]
[SourceVersionDate "2007.11.25"]
[SourceQuality "1"]
[WhiteTeam "Regensburg Fortuna II"]
[BlackTeam "Bamberg SC II"]
[WhiteTeamCountry "GER"]
[BlackTeamCountry "GER"]

1. d4 Nf6 2. Nf3 g6 3. Bg5 Bg7 4. e3 0-0 5. Be2 b6 6. 0-0 Bb7 7. c4 d5 8. Nc3 Nbd7 9. cxd5 Nxd5 10. Qb3 Nxc3 11. bxc3 c5 12. Rfd1 h6 13. Bh4 g5 14. Bg3 cxd4 15. cxd4 Nf6 16. a4 Bd5 17. Qb4 Ne4 18. Nd2 Nxg3 19. hxg3 Qc7 20. Bf3 Bxf3 21. Nxf3 Rfc8 22. a5 bxa5 23. Rxa5 e6 24. Rda1 Rcb8 25. Qa4 Rb7 26. Ne5 Bxe5 27. Rxe5 a6 28. Rc5 Qd7 29. Qxd7 Rxd7 30. g4 Kg7 31. Raa5 Rd6 32. g3 Rb8 33. Ra2 Rb5 34. Ra5 Rdb6 35. Kg2 Rxa5 36. Rxa5 Kf6 37. f4 gxf4 38. gxf4 Kg6 39. Kf3 f5 40. Ra3 Kf6 41. e4 fxe4+ 42. Kxe4 Rd6 43. Ra5 Rb6 44. Rc5 Rd6 45. Rc8 Rb6 46. Rh8 Kg7 47. Ra8 Kf6 48. f5 h5 49. gxh5 exf5+ 50. Kf4 Rd6 51. Ke3 Kg5 52. Rf8 a5 53. Rg8+ Kxh5 54. Kf4 Rxd4+ 55. Kxf5 Kh4 56. Ke5 Rb4 57. Kd5 a4 58. Ra8 1/2-1/2

[Event "Landesliga Nord 0304"]
[Site "Bayern"]
[Date "2004.04.25"]
[Round "9.7"]
[White "Bender, Thomas"]
[Black "Boca, Harald"]
[Result "1-0"]
[WhiteElo "1966"]
[BlackElo "2105"]
[PlyCount "51"]
[EventDate "2003.10.??"]
[EventType "team"]
[EventRounds "9"]
[EventCountry "GER"]
[SourceTitle "EXT 2006"]
[Source "ChessBase"]
[SourceDate "2005.11.24"]
[SourceVersion "1"]
[SourceVersionDate "2005.11.24"]
[SourceQuality "1"]
[WhiteTeam "Bamberg II"]
[BlackTeam "Regensburg Fortuna II"]
[WhiteTeamCountry "GER"]
[BlackTeamCountry "GER"]

1. d4 Nf6 2. Nf3 d5 3. c4 e6 4. g3 c6 5. Bg2 Be7 6. 0-0 0-0 7. b3 b6 8. Bb2 Bb7 9. Nbd2 Nbd7 10. Ne5 Nxe5 11. dxe5 Nd7 12. e4 dxc4 13. Nxc4 Ba6 14. Qc2 Qc7 15. f4 b5 16. Nd6 Rab8 17. Rfd1 c5 18. Rac1 Rb6 19. Qd2 c4 20. b4 Nb8 21. f5 f6 22. exf6 Bxd6 23. fxg7 Re8 24. f6 Be5 25. Rf1 Kf7 26. Qg5 1-0

[Event "Landesliga Nord 0304"]
[Site "Bayern"]
[Date "2004.01.18"]
[Round "5.6"]
[White "Boca, Harald"]
[Black "Schatz, Werner"]
[Result "0-1"]
[WhiteElo "2105"]
[BlackElo "1995"]
[PlyCount "84"]
[EventDate "2003.10.??"]
[EventType "team"]
[EventRounds "9"]
[EventCountry "GER"]
[SourceTitle "EXT 2006"]
[Source "ChessBase"]
[SourceDate "2005.11.24"]
[SourceVersion "1"]
[SourceVersionDate "2005.11.24"]
[SourceQuality "1"]
[WhiteTeam "Regensburg Fortuna II"]
[BlackTeam "Asittenbach"]
[WhiteTeamCountry "GER"]
[BlackTeamCountry "GER"]

1. d4 g6 2. c4 Bg7 3. Nc3 d6 4. e4 Nc6 5. Be3 e5 6. d5 Nce7 7. Qd2 f5 8. f3 Bd7 9. Bd3 b6 10. 0-0-0 Nf6 11. exf5 gxf5 12. Bh6 Bxh6 13. Qxh6 Rf8 14. f4 Ng6 15. fxe5 dxe5 16. g4 Nxg4 17. Qxh7 Qf6 18. Qh3 Nf2 19. Qg2 Nxd1 20. Kxd1 Nf4 21. Qd2 Nxd3 22. Qxd3 e4 23. Qd2 0-0-0 24. Nge2 Qe5 25. Qe3 f4 26. Qxe4 Qxe4 27. Nxe4 Rde8 28. Nf2 f3 29. Ng3 Rf4 30. b3 b5 31. h4 bxc4 32. h5 cxb3 33. axb3 Rd4+ 34. Kc2 Rxd5 35. h6 Bf5+ 36. Kc3 Bh7 37. Nh5 Rd6 38. Ng3 Kb7 39. Rh4 Re3+ 40. Kb4 Ree6 41. Ng4 Rd4+ 42. Kc5 Red6 0-1

[Event "Regionalliga NO 0203"]
[Site "Bayern"]
[Date "2003.01.26"]
[Round "5.5"]
[White "Pohle, Reinhold"]
[Black "Boca, Harald"]
[Result "0-1"]
[WhiteElo "2023"]
[BlackElo "2105"]
[PlyCount "112"]
[EventDate "2002.10.20"]
[EventType "team-tourn"]
[EventRounds "9"]
[EventCountry "GER"]
[SourceTitle "EXT 2004"]
[Source "ChessBase"]
[SourceDate "2003.11.25"]
[SourceVersion "1"]
[SourceVersionDate "2003.11.25"]
[SourceQuality "1"]
[WhiteTeam "Weiden"]
[BlackTeam "Regensburg Fortuna II"]
[WhiteTeamCountry "GER"]
[BlackTeamCountry "GER"]

1. e4 c5 2. d4 e6 3. d5 exd5 4. exd5 d6 5. Nf3 Nf6 6. Bd3 Be7 7. 0-0 0-0 8. c4 Bg4 9. h3 Bh5 10. Bf4 Na6 11. a3 Qd7 12. Nbd2 b5 13. b3 Rab8 14. Qc2 Bg6 15. Bxg6 hxg6 16. Rfe1 Rb7 17. Rab1 Rc8 18. g4 Bf8 19. Bg3 Rcb8 20. Nh4 Rb6 21. Ndf3 Nh7 22. Kh2 Be7 23. Re3 bxc4 24. Qxc4 Nc7 25. Rbe1 Bf8 26. g5 Nb5 27. Ra1 Qb7 28. b4 cxb4 29. axb4 Nc7 30. Rb3 Nxd5 31. Rd1 Nxb4 32. Nxg6 d5 33. Qg4 Rxg6 34. Bxb8 Qxb8+ 35. Kh1 Qb5 36. Rdb1 a5 37. h4 Nf6 38. Qf5 Ne4 39. Ne5 Nd6 40. Qg4 Ne4 41. Qf4 Qe8 42. Nxg6 fxg6 43. Kg2 Bd6 44. Qg4 Qe5 45. Rh1 Bc5 46. Rf3 Nxf2 47. Rxf2 Bxf2 48. Kxf2 Nd3+ 49. Kf3 Ne1+ 50. Kf2 Nd3+ 51. Kf3 Qc3 52. Qe6+ Kh7 53. h5 Ne5+ 54. Kf2 Qf3+ 55. Kg1 Qd1+ 56. Kg2 Qe2+ 0-1

[Event "Regionalliga NO 0203"]
[Site "Bayern"]
[Date "2002.12.15"]
[Round "3.7"]
[White "Born, Reiner"]
[Black "Boca, Harald"]
[Result "1-0"]
[WhiteElo "1934"]
[BlackElo "2105"]
[PlyCount "67"]
[EventDate "2002.10.20"]
[EventType "team-tourn"]
[EventRounds "9"]
[EventCountry "GER"]
[SourceTitle "EXT 2004"]
[Source "ChessBase"]
[SourceDate "2003.11.25"]
[SourceVersion "1"]
[SourceVersionDate "2003.11.25"]
[SourceQuality "1"]
[WhiteTeam "Regensburg Bavaria"]
[BlackTeam "Regensburg Fortuna II"]
[WhiteTeamCountry "GER"]
[BlackTeamCountry "GER"]

1. d4 d5 2. Nf3 Nf6 3. e3 Bg4 4. c4 e6 5. Qb3 Bxf3 6. Qxb7 Nbd7 7. gxf3 Rb8 8. Qxa7 Bb4+ 9. Bd2 0-0 10. c5 e5 11. c6 Ra8 12. Qb7 Bxd2+ 13. Nxd2 Nb6 14. dxe5 Nh5 15. a4 Qe7 16. a5 Qxe5 17. a6 Nf4 18. a7 Ne6 19. Qa6 Qxb2 20. Qa3 Qe5 21. Be2 Rfe8 22. Rc1 Nf4 23. Kf1 h6 24. Re1 Ng6 25. f4 Qe6 26. h4 Ne7 27. Rg1 Ng6 28. Bg4 Qxc6 29. h5 Nf8 30. Qa1 g6 31. Rc1 Qd6 32. Be2 c5 33. Qa6 Red8 34. Rb1 1-0

[Event "Regionalliga NO 0102"]
[Site "Bayern"]
[Date "2002.04.14"]
[Round "8.6"]
[White "Boca, Harald"]
[Black "Belich, Walter"]
[Result "1/2-1/2"]
[WhiteElo "2095"]
[BlackElo "1925"]
[PlyCount "58"]
[EventDate "2001.10.07"]
[EventType "team-tourn"]
[EventRounds "9"]
[EventCountry "GER"]
[SourceTitle "EXT 2003"]
[Source "ChessBase"]
[SourceDate "2002.11.25"]
[SourceVersion "1"]
[SourceVersionDate "2002.11.25"]
[SourceQuality "1"]
[WhiteTeam "Regensburg II"]
[BlackTeam "Nuernberg II"]
[WhiteTeamCountry "GER"]
[BlackTeamCountry "GER"]

1. d4 Nf6 2. c4 g6 3. Nc3 d5 4. Nf3 Bg7 5. Bg5 Ne4 6. Bh4 Nxc3 7. bxc3 c5 8. e3 Nc6 9. cxd5 Qxd5 10. Qa4 0-0 11. Bc4 Qe4 12. 0-0 Bd7 13. dxc5 Qg4 14. Bb5 Qh5 15. Bxe7 Nxe7 16. Bxd7 Qxc5 17. Rab1 Nd5 18. Rb5 Qd6 19. Qd1 Qxd7 20. Rxd5 Qc6 21. Qb3 Rad8 22. c4 Rc8 23. c5 Rfd8 24. Rfd1 Rxd5 25. Rxd5 Qc7 26. h4 Bf6 27. Ng5 Qe7 28. Qb5 Rc7 29. Nf3 Kg7 1/2-1/2

[Event "Regionalliga NO 0001"]
[Site "Bayern"]
[Date "2001.01.28"]
[Round "5.7"]
[White "Birkmann, Guenther"]
[Black "Boca, Harald"]
[Result "1/2-1/2"]
[WhiteElo "1980"]
[BlackElo "2050"]
[PlyCount "105"]
[EventDate "2000.10.15"]
[EventType "team-tourn"]
[EventRounds "9"]
[EventCountry "GER"]
[SourceTitle "EXT 2020"]
[Source "ChessBase"]
[SourceDate "2019.10.17"]
[SourceVersion "1"]
[SourceVersionDate "2019.10.17"]
[SourceQuality "1"]
[WhiteTeam "Zirndorf II"]
[BlackTeam "Regensburg Fortuna II"]
[WhiteTeamCountry "GER"]
[BlackTeamCountry "GER"]

1. Nf3 Nf6 2. c4 g6 3. Nc3 Bg7 4. e4 d6 5. d4 0-0 6. g3 c5 7. Bg2 cxd4 8. Nxd4 Nc6 9. Nde2 Bd7 10. h3 a6 11. 0-0 Rb8 12. Be3 Qc8 13. Kh2 Na5 14. b3 b5 15. cxb5 axb5 16. Rc1 Qa6 17. Qd3 Nc6 18. f4 Rfd8 19. g4 Qa5 20. g5 Ne8 21. Nd4 Nb4 22. Qd2 Qa3 23. Nb1 Qa5 24. a3 Bxd4 25. Bxd4 Nc6 26. b4 Qa6 27. Bb2 e5 28. Nc3 Be6 29. Nd5 Bxd5 30. exd5 Nd4 31. fxe5 dxe5 32. Bxd4 exd4 33. Qxd4 Qxa3 34. Ra1 Qb3 35. Ra7 Nd6 36. Qf6 Qxb4 37. Rxf7 Nxf7 38. Qxf7+ Kh8 39. Qf6+ Kg8 40. Qe6+ Kh8 41. Qe5+ Kg8 42. Rf6 Re8 43. Re6 Qf8 44. d6 Rxe6 45. Qxe6+ Qf7 46. Qe5 Re8 47. Qd4 Qg7 48. Qd5+ Kf8 49. d7 Rd8 50. Qd6+ Qe7 51. Qf4+ Qf7 52. Qd6+ Qe7 53. Qf4+ 1/2-1/2

[Event "Passau op 8th"]
[Site "Passau"]
[Date "2000.04.23"]
[Round "6"]
[White "Schumacher, Gottfried"]
[Black "Boca, Harald"]
[Result "1-0"]
[WhiteElo "2218"]
[BlackElo "2019"]
[PlyCount "121"]
[EventDate "2000.04.21"]
[EventType "swiss"]
[EventRounds "7"]
[EventCountry "GER"]
[SourceTitle "CBM 076 Extra"]
[Source "ChessBase"]
[SourceDate "2000.07.11"]
[SourceVersion "1"]
[SourceVersionDate "2000.07.11"]
[SourceQuality "1"]

1. d4 Nf6 2. g3 g6 3. Bg2 Bg7 4. c4 0-0 5. Nf3 c5 6. Nc3 cxd4 7. Nxd4 Nc6 8. Nc2 d6 9. 0-0 Be6 10. Nd5 Bxd5 11. cxd5 Ne5 12. Bd2 Qd7 13. Bc3 Nc4 14. Nd4 Rfc8 15. e4 Ne8 16. Qe2 Nb6 17. Nb5 Rc5 18. Bxg7 Nxg7 19. Nd4 Rac8 20. Rad1 Qc7 21. Bh3 Rd8 22. Kg2 Nd7 23. Rd3 a6 24. f4 Rc4 25. Rf2 Qc5 26. Qe3 a5 27. b3 Rc1 28. Qd2 Nf6 29. Re3 h5 30. b4 Qc7 31. bxa5 Ng4 32. Bxg4 hxg4 33. Nc6 Rxc6 34. dxc6 bxc6 35. Rb3 c5 36. Rb6 Qa7 37. h3 gxh3+ 38. Kxh3 Ne6 39. f5 Nf8 40. g4 Kg7 41. Qb2+ Kg8 42. Qb5 g5 43. Rb7 Qa8 44. Rxe7 d5 45. Qxc5 dxe4 46. Qc4 Rd3+ 47. Kh2 Qb8+ 48. Rc7 Rd7 49. Rc2 e3 50. Kg2 Rxc7 51. Qxc7 Qb4 52. Kf3 Qd4 53. Qc4 Qd1+ 54. Kxe3 Nd7 55. Qe2 Qd6 56. Kf2 Nf6 57. Rc4 Qh2+ 58. Ke1 Qg3+ 59. Kd1 Qd6+ 60. Qd2 Nd5 61. Rd4 1-0

[Event "Regionalliga NO 9900"]
[Site "Bayern"]
[Date "2000.??.??"]
[Round "6.5"]
[White "Boca, Harald"]
[Black "Schmitt, Gernot"]
[Result "1/2-1/2"]
[WhiteElo "2020"]
[BlackElo "2015"]
[PlyCount "36"]
[EventDate "1999.??.??"]
[EventType "team-tourn"]
[EventRounds "9"]
[EventCountry "GER"]
[SourceTitle "EXT 2020"]
[Source "ChessBase"]
[SourceDate "2019.10.17"]
[SourceVersion "1"]
[SourceVersionDate "2019.10.17"]
[SourceQuality "1"]
[WhiteTeam "Regensburg Fortuna II"]
[BlackTeam "Nuernberg Noris Tarrasch II"]
[WhiteTeamCountry "GER"]
[BlackTeamCountry "GER"]

1. d4 f5 2. Nf3 g6 3. g3 Nf6 4. Bg2 Bg7 5. 0-0 0-0 6. c4 d6 7. Nc3 Nc6 8. d5 Ne5 9. Nxe5 dxe5 10. e4 f4 11. b3 g5 12. f3 fxg3 13. hxg3 g4 14. Be3 a6 15. Qd2 Qe8 16. fxg4 Bxg4 17. Bg5 Qh5 18. Qe3 Bh3 1/2-1/2